Bericht über das basler museum für völkerkunde und schweizerische museum für volkskunde für das /

Guardado en:
Autor Principal: Baer, Gerhard
Formato: Libro
Publicado: Basel : Verhandlungen Der Naturforschenden Gesellschaft, 1970
Series:Separata, Band 81
Materias:
Etiquetas: Agregar Etiqueta
Sin Etiquetas, Sea el primero en etiquetar este registro!
LEADER 00607nam a22001695a 4500
001 EHU.bham005236
003 AR-BHAM
005 20081015153930.0
008 130507s1970##################000#0#####d
082 5 7 |a 572.7074 
100 1 |a Baer, Gerhard 
245 1 0 |a Bericht über das basler museum für völkerkunde und schweizerische museum für volkskunde für das /  |c Gerhard Baer. 
260 |a Basel :  |b Verhandlungen Der Naturforschenden Gesellschaft,  |c 1970 
300 |a 397-407 p. 
490 0 |a Separata, Band 81 
653 |a Antropologia cultural 
859 |a AR-BHAM  |b BIB. HUMANIDADES - General  |h 572.7074  |i B145-2  |p 180.72  |t Ej.1